| 000 | 00000nas 2200000zi 4500 |
| 001 | 9.895882 |
| 003 | CaOODSP |
| 005 | 20250107144055 |
| 006 | m o d f |
| 007 | cr cn||||||||| |
| 008 | 210129d20212022oncar p o s f0###a0eng|d |
| 040 | |aCaOODSP|beng|erda|cCaOODSP |
| 043 | |an-cn--- |
| 086 | 1 |aNH12-323E-PDF |
| 245 | 00|aRental market report : |bCanada and selected markets. |
| 264 | 1|a[Ottawa] : |bCMHC = SCHL, |c2021-2022. |
| 310 | |aAnnual |
| 336 | |atext|btxt|2rdacontent |
| 337 | |acomputer|bc|2rdamedia |
| 338 | |aonline resource|bcr|2rdacarrier |
| 362 | 0 |aBegan with 2021; ceased with 2022. |
| 500 | |aIssued also in French under title: Rapport sur le marché locatif : Canada et régions métropolitaines. |
| 500 | |a"Starting in 2021, the analysis of all rental markets will be included in one report" - https://www.cmhc-schl.gc.ca/en/data-and-research/publications-and-reports/rental-market-reports-major-centres. |
| 588 | |aDescription based on: 2021. |
| 588 | |aLatest issue consulted: 2022. |
| 650 | 0|aRental housing|zCanada|vStatistics|vPeriodicals. |
| 655 | 7|aStatistics|2lcgft |
| 655 | 7|aPeriodicals|2lcgft |
| 710 | 2 |aCanada Mortgage and Housing Corporation, |eissuing body. |
| 775 | 08|tRapport sur le marché locatif : |w(CaOODSP)9.895881 |
| 780 | 00|tRental market report. |w(CaOODSP)9.504559 |
| 780 | 00|tRental market report. |w(CaOODSP)9.504565 |
| 780 | 00|tRental market report. |w(CaOODSP)9.504555 |
| 780 | 00|tRental market report. |w(CaOODSP)9.504558 |
| 780 | 00|tRental market report. |w(CaOODSP)9.504560 |
| 780 | 00|tRental market report. |w(CaOODSP)9.504561 |
| 780 | 00|tRental market report. |w(CaOODSP)9.504567 |
| 780 | 00|tRental market report. |w(CaOODSP)9.504569 |
| 780 | 00|tRental market report. |w(CaOODSP)9.504570 |
| 780 | 00|tRental market report. |w(CaOODSP)9.504571 |
| 780 | 00|tRental market report. |w(CaOODSP)9.504573 |
| 780 | 00|tRental market report. |w(CaOODSP)9.504575 |
| 780 | 00|tRental market report. |w(CaOODSP)9.504578 |
| 780 | 00|tRental market report. |w(CaOODSP)9.504580 |
| 780 | 00|tRental market report. |w(CaOODSP)9.504582 |
| 780 | 00|tRental market report. |w(CaOODSP)9.504583 |
| 780 | 00|tRental market report. |w(CaOODSP)9.504584 |
| 780 | 00|tRental market report. |w(CaOODSP)9.504585 |
| 785 | 00|tRental market report.|w(CaOODSP)9.920930 |
| 986 | |aID number : 69720 |